Infancia, no punibilidad y cultura de paz / (Registro nro. 6246)
[ vista simple ]
| 000 -LEADER | |
|---|---|
| fixed length control field | 01125nab a22002297a 4500 |
| 003 - CONTROL NUMBER IDENTIFIER | |
| control field | OSt |
| 005 - DATE AND TIME OF LATEST TRANSACTION | |
| control field | 20260127201609.0 |
| 008 - FIXED-LENGTH DATA ELEMENTS--GENERAL INFORMATION | |
| fixed length control field | 190514b xxu||||| |||| 00| 0 spa d |
| 040 ## - CATALOGING SOURCE | |
| Transcribing agency | PJ |
| 100 ## - MAIN ENTRY--PERSONAL NAME | |
| 9 (RLIN) | 6958 |
| Personal name | Santillán, Martina |
| 245 10 - TITLE STATEMENT | |
| Title | Infancia, no punibilidad y cultura de paz / |
| Statement of responsibility, etc | Martina Santillán. |
| 300 ## - PHYSICAL DESCRIPTION | |
| Extent | p. 31-35 |
| 500 ## - GENERAL NOTE | |
| General note | Cita: TR LALEY AR/DOC/2140/2025. |
| 505 ## - FORMATTED CONTENTS NOTE | |
| Formatted contents note | Sumario: I. Introducción.— II. Antecedentes del fallo.— III. Fundamentos de la decisión y correlato normativo.— IV. Conclusión. |
| 505 ## - FORMATTED CONTENTS NOTE | |
| Title | Fallo comentado: JFed., Catamarca ~ 07/05/2025 ~ Oposición interpuesta por la Asesora de Menores Dra. Daniela Faérman c. decreto de indagatoria s/ Expte. Prevencional letra "M" 29/25 de la Fiscalía Penal Juvenil. |
| 650 #0 - SUBJECT ADDED ENTRY--TOPICAL TERM | |
| 9 (RLIN) | 967 |
| Topical term or geographic name as entry element | DERECHO DE FAMILIA |
| 650 #0 - SUBJECT ADDED ENTRY--TOPICAL TERM | |
| 9 (RLIN) | 2730 |
| Topical term or geographic name as entry element | RÉGIMEN PENAL DE LA MINORIDAD |
| 650 #0 - SUBJECT ADDED ENTRY--TOPICAL TERM | |
| 9 (RLIN) | 5662 |
| Topical term or geographic name as entry element | ADOLESCENTES |
| 650 #0 - SUBJECT ADDED ENTRY--TOPICAL TERM | |
| 9 (RLIN) | 1057 |
| Topical term or geographic name as entry element | JURISPRUDENCIA APLICABLE |
| 773 0# - HOST ITEM ENTRY | |
| Host Biblionumber | 2844 |
| Host Itemnumber | 3222 |
| Place, publisher, and date of publication | Buenos Aires : AbeledoPerrot, 1989- |
| Title | Derecho de familia. Revista Interdisciplinaria de doctrina y jurisprudencia. Octubre 2025-V. |
| International Standard Book Number | 18511201 |
| 942 ## - ADDED ENTRY ELEMENTS (KOHA) | |
| Source of classification or shelving scheme | |
| Koha item type | Analítica Artículo de Revista |
No hay ítems disponibles.
